| 000 | 01033nam a2200277Ia 4500 | ||
|---|---|---|---|
| 003 | OSt | ||
| 005 | 20221005105221.0 | ||
| 006 | a|||||r|||| 00| 0 | ||
| 007 | ta | ||
| 008 | 221004b |||||||| |||| 00| 0 hin d | ||
| 020 |
_a9788192998985 (hbk) _cINR 350.00 |
||
| 024 | _a39079 | ||
| 037 |
_b390, 12/03/2018, Eastern Book Linkers _cTextual |
||
| 040 |
_aCRL _cCRL _bhin |
||
| 041 |
_2hin _ahin |
||
| 082 | _aO44(Y5927):g, 152Q6 | ||
| 100 | _aशर्मा, सुदेश, ले. | ||
| 245 | 0 | _aदलित एवं दलित साहित्य | |
| 246 | _aDalit evan dalit sāhitya | ||
| 260 |
_aनई दिल्ली _bआर्यन पब्लिकेशन भारत _c2016 |
||
| 300 |
_a133पृ0 _ccm. |
||
| 650 | _a दलित साहित्य | ||
| 650 | _aहिन्दी साहित्य | ||
| 942 |
_hO44(Y5927):g, 152Q6 _cTEXL _2cc |
||
| 999 |
_c1015158 _d1015158 |
||